| 000 | 00768nam a2200217Ia 4500 | ||
|---|---|---|---|
| 001 | 6996 | ||
| 003 | GE_BSU | ||
| 008 | 181216s||||||||xx |||||||||||||| ||und|| | ||
| 040 | _cGE_BSU | ||
| 080 | _a621.83(035.3) | ||
| 100 | _aАртоболевский,И.И. | ||
| 245 | _aМеханизмы в современной технике в 7 томах. Том 2:Кулисно-рычажные и кривошипно-ползунные механизмы. | ||
| 245 | _bСправочнае пособие. | ||
| 245 | _cред.Н.В.Сперанский. | ||
| 260 | _aМ. | ||
| 260 | _bНаука. | ||
| 260 | _c1979. | ||
| 300 | _a560стр. с илл. | ||
| 653 | _aМеханизмы в современной технике в 7 томах. | ||
| 942 | _cBK | ||
| 999 |
_c40388 _d40388 |
||